ARRUPE JESUIT UNIVERSITY

CORONAVIRUS -STOP THE SPREAD - CLEAN,DISINFECT,COVER

Cricket's rich heritage : (Record no. 120762)

MARC details
000 -LEADER
fixed length control field 00762nam a2200241 a 4500
001 - CONTROL NUMBER
control field 1887290
003 - CONTROL NUMBER IDENTIFIER
control field ARRUPE
005 - DATE AND TIME OF LATEST TRANSACTION
control field 20140617114246.0
008 - FIXED-LENGTH DATA ELEMENTS--GENERAL INFORMATION
fixed length control field 841126s1983 rh ac 000 0 eng
010 ## - LIBRARY OF CONGRESS CONTROL NUMBER
LC control number 83181359
020 ## - INTERNATIONAL STANDARD BOOK NUMBER
International Standard Book Number 0869202561
040 ## - CATALOGING SOURCE
Original cataloging agency DLC
Transcribing agency DLC
Modifying agency DLC
043 ## - GEOGRAPHIC AREA CODE
Geographic area code f-rh---
050 00 - LIBRARY OF CONGRESS CALL NUMBER
Classification number GV928.Z55
Item number W56 1983
082 00 - DEWEY DECIMAL CLASSIFICATION NUMBER
Classification number 796.35/8/096891
Edition number 19
300 ## - PHYSICAL DESCRIPTION
Other physical details ill., ports. ;
Dimensions 31 cm.
100 1# - MAIN ENTRY--PERSONAL NAME
Personal name Winch, Jonty.
9 (RLIN) 11003
245 10 - TITLE STATEMENT
Title Cricket's rich heritage :
Remainder of title a history of Rhodesian and Zimbabwean cricket, 1890-1982 /
Statement of responsibility, etc by Jonty Winch.
260 ## - PUBLICATION, DISTRIBUTION, ETC. (IMPRINT)
Place of publication, distribution, etc Bulawayo, Zimbabwe :
Name of publisher, distributor, etc Books of Zimbabwe,
Date of publication, distribution, etc 1983.
300 ## - PHYSICAL DESCRIPTION
Extent 232 p. :
650 #0 - SUBJECT ADDED ENTRY--TOPICAL TERM
Topical term or geographic name as entry element Cricket
Geographic subdivision Zimbabwe
General subdivision History.
9 (RLIN) 11004
906 ## - LOCAL DATA ELEMENT F, LDF (RLIN)
a 7
b cbc
c orignew
d 3
e ncip
f 19
g y-gencatlg
942 ## - ADDED ENTRY ELEMENTS (KOHA)
Source of classification or shelving scheme Library of Congress Classification
Koha item type SPC
Holdings
Withdrawn status Lost status Source of classification or shelving scheme Damaged status Not for loan Collection code Home library Current library Shelving location Date acquired Total Checkouts Full call number Barcode Date last seen Price effective from Koha item type
    Library of Congress Classification     SPECIAL Collection ARRUPE LIBRARY ARRUPE LIBRARY Main Collection 17/06/2014   SPC GV928.Z55 W56 1983 46500000523 17/06/2014 17/06/2014 SPC

 

Arrupe Library. PO Box MP320 Mt Pleasant, Harare, Zimbabwe
263 242 745411|librarian@aju.ac.zw